000 00645 a2200205 4500
020 _a0070585830
_c299.00
035 _aB-212178
037 _bRP-ZLS-2808 / PANSY-07-08:12 / RP-07-08:ENG
082 1 4 _a535
090 _c6604
_d6604
100 1 _aGhatak, Ajoy
245 1 _aOptics
_cby Ajoy Ghatak
250 _a3rd ed.
260 _aNew Delhi
_bTata McGraw Hill Publishing
_c2007r
270 _a7 West Patel Nagar,
_bNew Delhi
_e110 008
300 _aVarious pagings
_c28 cm. (Pbk.)
500 _aIncludes index
942 _adpl
_cEN
_k535 / GHA
999 _c6490
_d6490